Co można udekorować? - Statystyki

Ogólne statystyki
  • Ten quiz został rozwiązany 9 razy
  • Średni wynik to 3 z 7
Statystyki odpowiedzi
Hint Odpowiedź % Poprawnych
5. Choinkę
67%
1. Pokój
67%
4. Tort
67%
2. Kościół
33%
7. Okno
33%
6. Stół
33%
3. Salę weselną
11%
Nie znaleziono quizów pasujących do podanych kryteriów
Rozkład punktacji
Procent ludzi z każdym wynikiem
Percentyl według liczby udzielonych odpowiedzi
Twoja historia wyników
Nie rozwiązałeś tego quizu